000
00303pam a2200133 a 4500
020
_c
041
_a
eng
082
_b
BAN
100
_a
Banthia,J.K.
245
_a
District Census hnadbook Pune Series 4
_h
Textual Documents
260
_a
[s.l]:
_b
Goverment of India
300
_a
837p.
930
_a
17234
999
_c
94134
_d
94134